|
|
|
|
| LEADER |
00704nab a2200193 i 4500 |
| 001 |
acta22282 |
| 005 |
20210526105349.0 |
| 008 |
161017s1997 hu o 0|| eng d |
| 022 |
|
|
|a 0563-0592
|
| 040 |
|
|
|a SZTE Egyetemi Kiadványok Repozitórium
|b hun
|
| 041 |
|
|
|a eng
|
| 100 |
1 |
|
|a Leonetti Georges
|
| 245 |
1 |
4 |
|a The angle of Landzert (sphenoidal angle) as a possible new age estimator in forensic anthropology
|h [elektronikus dokumentum] /
|c Leonetti Georges
|
| 260 |
|
|
|c 1997
|
| 300 |
|
|
|a 245-249
|
| 490 |
0 |
|
|a Acta biologica
|v 42 No. 1-4
|
| 695 |
|
|
|a Természettudomány, Biológia
|
| 700 |
0 |
1 |
|a Dutour Olivier
|e aut
|
| 856 |
4 |
0 |
|u http://acta.bibl.u-szeged.hu/22282/1/biologica_042_245-249.pdf
|z Dokumentum-elérés
|